00804 a2200205 4500003000500000005001700005010001600022020001500038040000900053082001500062100002200077245007100099250001200170260005500182300004600237505023700283650002500520700002300545700003000568Nust20230608124820.0 a 93031795 a0805360476 cNust00a005.74,MCF1 aFred R McFadden.,10aModern database management /cFred R. McFadden, Jeffrey A. Hoffer. a4th ed. aRedwood City, Calif. :bBenjamin/Cummings,cc1994. axxv, 597 p. :bill. (some col.) ;c29 cm. aThe Context of Database Development (Page-2), Data Modeling snd Database Design (Page-120), Relational Database Implementation (Page-280), Data Administration snd Distributed Databases (Page-422), Legacy Database Systems (Page-490). 0aDatabase management.1 aHoffer, Jeffrey A.1 aMcFadden, Fred R.,d1933-